[Event "DSOL 05 Liga Gr-A 1st"]
[Site "Playchess.com INT"]
[Date "2020.06.24"]
[Round "1.4"]
[White "Hencke, Heiko"]
[Black "Reif, Fabian"]
[Result "1/2-1/2"]
[WhiteElo "1674"]
[BlackElo "781"]
[PlyCount "52"]
[EventDate "2020.06.22"]
[EventType "team-tourn (rapid)"]
[EventCountry "GER"]
[SourceTitle "EXT 2021"]
[Source "ChessBase"]
[SourceDate "2020.10.23"]
[SourceVersion "1"]
[SourceVersionDate "2020.10.23"]
[SourceQuality "1"]
[WhiteTeam "Kaltenkirchen"]
[BlackTeam "Muenchen Suedost"]
[WhiteTeamCountry "GER"]
[BlackTeamCountry "GER"]

1. e4 c5 2. Nc3 d6 3. Bc4 Nc6 4. f4 Nf6 5. Nf3 Bg4 6. h3 Bxf3 7. Qxf3 Nd4 8. Qd3 e5 9. fxe5 dxe5 10. 0-0 Be7 11. Nd5 a6 12. c3 Nc6 13. Qf3 0-0 14. d3 b5 15. Nxf6+ Bxf6 16. Bd5 Rc8 17. Be3 Be7 18. Bxf7+ Kh8 19. Qe2 Bf6 20. Bd5 Ne7 21. c4 Nxd5 22. cxd5 c4 23. dxc4 bxc4 24. Rac1 Qc7 25. Rc3 Qb7 26. Rfc1 a5 1/2-1/2

[Event "Schleswig Holstein-ch Kandidatenklasse"]
[Site "Ratzeburg"]
[Date "2017.04.13"]
[Round "1.6"]
[White "Hencke, Heiko"]
[Black "Braun, Matthias1111"]
[Result "1-0"]
[WhiteElo "1722"]
[BlackElo "1849"]
[PlyCount "41"]
[EventDate "2017.04.13"]
[EventType "swiss"]
[EventRounds "9"]
[EventCountry "GER"]
[SourceTitle "EXT 2022"]
[Source "ChessBase"]
[SourceDate "2021.10.06"]
[SourceVersion "1"]
[SourceVersionDate "2021.10.06"]
[SourceQuality "1"]

1. e4 c6 2. Nc3 d5 3. exd5 cxd5 4. d4 Nf6 5. Nf3 Nc6 6. Bb5 Bg4 7. Bg5 Ne4 8. Bf4 e6 9. a3 Be7 10. Qd3 Bf5 11. Qe3 Qa5 12. Bxc6+ bxc6 13. 0-0 Nxc3 14. b4 Bxb4 15. axb4 Qxb4 16. Qd2 Qc4 17. Ne5 Ne2+ 18. Kh1 Qxc2 19. Qb4 f6 20. Rxa7 Rxa7 21. Qb8+ 1-0

[Event "Schleswig Holstein-ch Kandidatenklasse"]
[Site "Ratzeburg"]
[Date "2017.04.13"]
[Round "3.4"]
[White "Hencke, Heiko"]
[Black "Rulofs, Henrik"]
[Result "0-1"]
[WhiteElo "1722"]
[BlackElo "1910"]
[PlyCount "42"]
[EventDate "2017.04.13"]
[EventType "swiss"]
[EventRounds "9"]
[EventCountry "GER"]
[SourceTitle "EXT 2022"]
[Source "ChessBase"]
[SourceDate "2021.10.06"]
[SourceVersion "1"]
[SourceVersionDate "2021.10.06"]
[SourceQuality "1"]

1. e4 c5 2. Nc3 e6 3. f4 d5 4. Bb5+ Nc6 5. Bxc6+ bxc6 6. Nf3 d4 7. Ne2 d3 8. cxd3 Qxd3 9. Qa4 Qb5 10. Qc2 Ba6 11. Nc3 Qd3 12. Qxd3 Bxd3 13. Ne5 c4 14. Nxc6 Nf6 15. Ne5 Nxe4 16. Nxd3 Nxc3 17. Ne5 Nd5 18. g3 Rc8 19. b3 cxb3 20. axb3 Bc5 21. Ba3 Bxa3 0-1

[Event "Schleswig Holstein-ch Kandidaten"]
[Site "Schleswig Holstein"]
[Date "2012.06.??"]
[Round "4"]
[White "Hencke, Heiko"]
[Black "Neaga, Horia Dumitru Iusti"]
[Result "0-1"]
[WhiteElo "1644"]
[BlackElo "1792"]
[PlyCount "50"]
[EventDate "2012.06.05"]
[EventType "swiss"]
[EventRounds "9"]
[EventCountry "GER"]
[SourceTitle "EXT 2022"]
[Source "ChessBase"]
[SourceDate "2021.10.06"]
[SourceVersion "1"]
[SourceVersionDate "2021.10.06"]
[SourceQuality "1"]

1. c4 e5 2. g3 Nf6 3. Bg2 Nc6 4. Nc3 Bb4 5. e3 0-0 6. Nge2 d6 7. 0-0 Bg4 8. Qc2 Qd7 9. d4 Bxc3 10. bxc3 Bh3 11. Ba3 Na5 12. c5 Bxg2 13. Kxg2 Nc4 14. Qc1 Qa4 15. cxd6 Nxa3 16. dxe5 Nd7 17. f4 Nc4 18. dxc7 Qc6+ 19. Kg1 Nc5 20. Nd4 Qxc7 21. Rd1 a6 22. Kf2 Rad8 23. Qc2 Rfe8 24. e4 h6 25. Rab1 Na3 0-1

[Event "Schleswig Holstein-ch Kandidaten"]
[Site "Schleswig Holstein"]
[Date "2012.06.??"]
[Round "2"]
[White "Potschka, Dieter"]
[Black "Hencke, Heiko"]
[Result "0-1"]
[WhiteElo "1800"]
[BlackElo "1644"]
[PlyCount "62"]
[EventDate "2012.06.05"]
[EventType "swiss"]
[EventRounds "9"]
[EventCountry "GER"]
[SourceTitle "EXT 2022"]
[Source "ChessBase"]
[SourceDate "2021.10.06"]
[SourceVersion "1"]
[SourceVersionDate "2021.10.06"]
[SourceQuality "1"]

1. c4 c5 2. Nc3 g6 3. Nf3 Bg7 4. e3 Nc6 5. Be2 Nf6 6. 0-0 0-0 7. d4 cxd4 8. exd4 d5 9. b3 b6 10. Bb2 Bb7 11. h3 e6 12. Re1 Ne4 13. cxd5 Nxc3 14. Bxc3 Qxd5 15. Bc4 Qd6 16. Qd2 Rfd8 17. Rad1 Rd7 18. Ne5 Nxe5 19. dxe5 Qc6 20. Qg5 Rxd1 21. Rxd1 b5 22. Bb4 bxc4 23. Rd8+ Bf8 24. Rxf8+ Rxf8 25. Bxf8 Kxf8 26. Qd8+ Qe8 27. Qd6+ Kg7 28. bxc4 Qc6 29. f3 Qxc4 30. a3 Qc6 31. Qd8 Qc5+ 0-1